000 00855nab a2200265 4500
003 BR-BrBNA
005 20250805234313.0
008 250805b bl.||||| |||| 00| 0 por d
040 _aBR-BrBNA
_bpor
072 _aC20 ; L10 ; L01
100 _aRibeiro, Juliana
245 _aO campo 24 horas no ar
_bAgronegócios
500 _a8 illus.
650 _aTELECOMUNICAÇÃO
650 _aTELEVISÃO
650 _aINFORMAÇÃO TÉCNICA
650 _aREBANHO
650 _aPRODUTIVIDADE
650 _aRENDIMENTO
650 _aINSEMINAÇÃO ARTIFICIAL
650 _aMELHORAMENTO GENÉTICO ANIMAL
773 0 _01706
_9347990
_dSão Paulo-SP Editora Três Ltda - E-mail: luizfsa@revistadinheiro.com.br 2004
_o2025-0485
_tDinheiro Rural (Brazil)
_x1807-3700
_gv. 7(81) p. 48-52; (Jul 2011)
_wBR2025002007
942 _cANA
999 _c337479
_d337479